Space time and relativity (Record no. 3546)

MARC details
000 -LEADER
fixed length control field 00504nam a2200181Ia 4500
003 - CONTROL NUMBER IDENTIFIER
control field IN-BaIIA
008 - FIXED-LENGTH DATA ELEMENTS--GENERAL INFORMATION
fixed length control field 211028s9999 xx 000 0 eng d
040 ## - CATALOGING SOURCE
Transcribing agency IIA Library
080 ## - UNIVERSAL DECIMAL CLASSIFICATION NUMBER
Universal Decimal Classification number 524.834
Item number NEV
100 ## - MAIN ENTRY--PERSONAL NAME
Personal name Nevanlinna, Rolf
9 (RLIN) 6275
245 #0 - TITLE STATEMENT
Title Space time and relativity
Statement of responsibility, etc. Rolf Nevanlinna
260 ## - PUBLICATION, DISTRIBUTION, ETC.
Place of publication, distribution, etc. London
Name of publisher, distributor, etc. Addison-Wesley
Date of publication, distribution, etc. 1968
300 ## - PHYSICAL DESCRIPTION
Extent xii, 158p.
650 ## - SUBJECT ADDED ENTRY--TOPICAL TERM
Topical term or geographic name entry element NASA Thesaurus
650 ## - SUBJECT ADDED ENTRY--TOPICAL TERM
Topical term or geographic name entry element Relativity
650 ## - SUBJECT ADDED ENTRY--TOPICAL TERM
Topical term or geographic name entry element Space time
9 (RLIN) 4080
942 ## - ADDED ENTRY ELEMENTS (KOHA)
Koha item type Books
Holdings
Withdrawn status Lost status Damaged status Not for loan Home library Current library Shelving location Date acquired Cost, normal purchase price Total Checkouts Full call number Barcode Date last seen Cost, replacement price Price effective from Koha item type Purchase Price
        IIA Library-Bangalore IIA Library-Bangalore General Stacks 27/07/1970 25.20   524.834/ NEV 3961 05/11/2021 25.20 27/07/1970 Books Rs. 25.20

Powered by Koha